The odyssey / (Record no. 17603)
[ view plain ]
| 000 -LEADER | |
|---|---|
| fixed length control field | 02036nam a22003617a 4500 |
| 003 - CONTROL NUMBER IDENTIFIER | |
| control field | EG-ScBUE |
| 005 - DATE AND TIME OF LATEST TRANSACTION | |
| control field | 20220323111939.0 |
| 008 - FIXED-LENGTH DATA ELEMENTS--GENERAL INFORMATION | |
| fixed length control field | 131008s2006 nyu f b 001 p eng d |
| 020 ## - INTERNATIONAL STANDARD BOOK NUMBER | |
| International Standard Book Number | 0143039954 |
| 020 ## - INTERNATIONAL STANDARD BOOK NUMBER | |
| International Standard Book Number | 9780143039952 |
| 040 ## - CATALOGING SOURCE | |
| Original cataloging agency | EG-ScBUE |
| Language of cataloging | eng |
| Description conventions | rda |
| Transcribing agency | EG-ScBUE |
| Modifying agency | EG-ScBUE |
| 041 1# - LANGUAGE CODE | |
| Language code of text/sound track or separate title | eng |
| Language code of original and/or intermediate translations of text | gre |
| 082 04 - DEWEY DECIMAL CLASSIFICATION NUMBER | |
| Classification number | 883.01 |
| Item number | HOM |
| Edition number | 22 |
| 100 0# - MAIN ENTRY--PERSONAL NAME | |
| Personal name | Homer, |
| Relator term | author. |
| 9 (RLIN) | 5722 |
| 245 10 - TITLE STATEMENT | |
| Title | The odyssey / |
| Statement of responsibility, etc | Homer ; translated by Robert Fagles ; introduction and notes by Bernard Knox. |
| 264 #1 - PUBLICATION, DISTRIBUTION, ETC. (IMPRINT) | |
| Place of publication, distribution, etc | New York : |
| Name of publisher, distributor, etc | Penguin Books, |
| Date of publication, distribution, etc | 2006. |
| 300 ## - PHYSICAL DESCRIPTION | |
| Extent | x, 541 pages ; |
| Dimensions | 24 cm. |
| 336 ## - CONTENT TYPE | |
| Source | rdacontent |
| Content type term | text |
| Content type code | txt |
| 337 ## - MEDIA TYPE | |
| Source | rdamedia |
| Media type term | unmediated |
| Media type code | n |
| 338 ## - CARRIER TYPE | |
| Source | rdacarrier |
| Carrier type term | volume |
| Carrier type code | nc |
| 490 0# - SERIES STATEMENT | |
| Series statement | Penguin classics |
| 504 ## - BIBLIOGRAPHY, ETC. NOTE | |
| Bibliography, etc | Includes bibliographical references. |
| 505 ## - FORMATTED CONTENTS NOTE | |
| Formatted contents note | Introduction: Spelling and pronunciation of Homeric names -- Maps: Homeric geography : Mainland Greece --<br/>Peloponnese -- Aegean and Asia Minor -- Inset: Troy and vicinity -- Homer: Odyssey : Athena inspires the prince --Telemachus sets sail -- King Nestor remembers -- King and queen of Sparta -- Odysseus- Nymph and shipwreck -- Princess and the stranger -- Phaeacia's halls and gardens -- Day for songs and contests -- In the one-eyed giant's cave --<br/>Bewitching queen of Aeaea --<br/>Kingdom of the dead --<br/>Cattle of the sun --<br/>Ithaca at last --<br/>Loyal swineherd --<br/>Prince sets sail for home --<br/>Father and son --<br/>Stranger at the gates --<br/>Beggar-king of Ithaca --<br/>Penelope and her guest --<br/>Portents gather --<br/>Odysseus strings his bow --<br/>Slaughter in the hall --<br/>Great rooted bed --<br/>Peace. |
| 546 ## - LANGUAGE NOTE | |
| Language note | Text in English ; translated from original Ancient Greek. |
| 650 #7 - SUBJECT ADDED ENTRY--TOPICAL TERM | |
| Topical term or geographic name as entry element | Epic poetry, Greek |
| Form subdivision | Translations into English. |
| Source of heading or term | BUEsh |
| 9 (RLIN) | 24763 |
| 650 #7 - SUBJECT ADDED ENTRY--TOPICAL TERM | |
| Topical term or geographic name as entry element | Odysseus (Greek mythology) |
| Form subdivision | Poetry. |
| Source of heading or term | BUEsh |
| 9 (RLIN) | 24764 |
| 651 ## - SUBJECT ADDED ENTRY--GEOGRAPHIC NAME | |
| Source of heading or term | BUEsh |
| 653 ## - INDEX TERM--UNCONTROLLED | |
| Arrived date list | October2013 |
| Resource For college | Generalities |
| 655 ## - INDEX TERM--GENRE/FORM | |
| Form subdivision | Reading book |
| 9 (RLIN) | 34232 |
| 700 1# - ADDED ENTRY--PERSONAL NAME | |
| Personal name | Fagles, Robert, |
| Relator term | translator. |
| 9 (RLIN) | 33617 |
| 700 1# - ADDED ENTRY--PERSONAL NAME | |
| Personal name | Knox, Bernard, |
| Relator term | author of introduction, etc. |
| 9 (RLIN) | 33929 |
| 942 ## - ADDED ENTRY ELEMENTS (KOHA) | |
| Source of classification or shelving scheme | Dewey Decimal Classification |
| Koha item type | Book - Borrowing |
| Withdrawn status | Lost status | Source of classification or shelving scheme | Damaged status | Not for loan | Collection code | Home library | Current library | Shelving location | Date acquired | Source of acquisition | Cost, normal purchase price | Serial Enumeration / chronology | Total Checkouts | Total Renewals | Full call number | Barcode | Date last seen | Date checked out | Koha item type |
|---|---|---|---|---|---|---|---|---|---|---|---|---|---|---|---|---|---|---|---|
| Dewey Decimal Classification | Baccah | Central Library | Central Library | Second Floor | 08/10/2013 | Purchase | 110.00 | 18079 | 6 | 32 | 883.01 HOM | 000040790 | 15/07/2025 | 11/06/2024 | Book - Borrowing |